| 000 | 00571nam a22001937a 4500 | ||
|---|---|---|---|
| 003 | OSt | ||
| 005 | 20170925143106.0 | ||
| 008 | 170925b xxu||||| |||| 00| 0 eng d | ||
| 020 | _a0-201-95959-3 | ||
| 082 |
_21999 _aDC 512.9 _bB54 |
||
| 100 |
_922675 _aBittinger, Marvin L. |
||
| 245 |
_aIntroductory algebra/ _cMarvin L. Bittinger. |
||
| 250 | _aEight Edition | ||
| 260 |
_aReading, MA : _bAddison-Wesley, _cc1999. |
||
| 300 |
_axxii, 668, [53] p. : _billustrations (some col.) ; _c28 cm. |
||
| 500 | _aIncludes index. | ||
| 650 | 0 |
_922676 _aAlgebra. |
|
| 942 |
_2ddc _cDC |
||
| 999 |
_c7476 _d7476 |
||